000 00302nam a22001337a 4500
008 180227b xxu||||| |||| 00| 0 eng d
020 _a9781133311195
041 _aeng
080 _24th
_a37
100 _a25
101 _aEDU
245 _aThe composition of everyday life
_cMauk,J
942 _2udc
_cBK
999 _c43611
_d43611